| 000 | 01185nam a2200301 a 4500 | ||
|---|---|---|---|
| 001 | BRCA_3563 | ||
| 005 | 20190320204332.0 | ||
| 008 | 040809s1923----sp-a---###---#000-0#spa-# | ||
| 041 | _aspa | ||
| 044 | _asp | ||
| 050 | 4 |
_aNK4310 _b.O84 1923 |
|
| 100 | 1 |
_aOsma, Guillermo Joaquín de _99250 |
|
| 245 | 1 | 0 |
_aApuntes sobre Cerámica Morisca _blos maestros alfareros de Manises, Paterna y Valencia : contratos y ordenanzas de los siglos XIV, XV, XVI _cpor G. J. de Osma. |
| 250 | _a2 | ||
| 260 |
_aMadrid _bInstituto de Valencia de San Juan _c1923 |
||
| 300 |
_a181 p. _bil., 1 lámina _c30 cm. |
||
| 440 | 0 |
_aTextos y documentos valencianos _v2 _99251 |
|
| 500 | _aEjemplar numerado 491 | ||
| 500 | _aIncluye texto original en latín | ||
| 500 | _aIncluye índice de los documentos originales que se imprimieron en la entrega de la edición e índice de tecnicismos, nombres propios de labores, objetos, etc. | ||
| 500 | _aB231 | ||
| 650 | 1 | 4 |
_aCerámica hispano _zMorisca _99252 |
| 650 | 1 | 4 |
_aCerámica _xManises _zEspaña _99253 |
| 650 | 1 | 4 |
_aCerámica _zEspaña _99254 |
| 650 | 1 | 4 |
_aLos maestros alfareros de Manises _zPaterna y Valencia _99255 |
| 902 | _aGFM | ||
| 942 |
_2lcc _cB |
||
| 999 |
_c3298 _d3298 |
||